LEADER 01144nam0 22002891i 450 001 UON00427232 005 20231205104852.261 100 $a20130619f1977 |0itac50 ba 101 $apor 102 $aPT 105 $a|||| 1|||| 200 1 $aˆOs ‰lusiadas$fromance de Manuel Da Silva Ramos e de Alface 210 $aLisboa$cAssirio e Alvim$dc1977 215 $a443 p.$d23 cm. 316 $aValore stimato$5IT-UONSI PortIII/1047 410 1$1001UON00427236$12001 $aCadernos Peninsulares Especial$1210 $aLisboa$cAssirio e Alvim.$v2 620 $aPT$dLisboa$3UONL003135 676 $a869.3$cLetteratura narrativa portoghese$v21 700 1$aSILVA RAMOS$bManuel : da$3UONV217103$0711378 701 0$aALFACE$3UONV217106$0711379 712 $aAssírio & Alvim$3UONV266402$4650 801 $aIT$bSOL$c20240220$gRICA 899 $aSIBA - SISTEMA BIBLIOTECARIO DI ATENEO$2UONSI 912 $aUON00427232 950 $aSIBA - SISTEMA BIBLIOTECARIO DI ATENEO$dSI Port III 1047 $eSI 9253 7 1047 Valore stimato 996 $aLusiadas$91336778 997 $aUNIOR LEADER 02473oas 2200853 a 450 001 9910144452003321 005 20251106213014.0 035 $a(DE-599)ZDB2244355-1 035 $a(OCoLC)72519538 035 $a(CONSER) 2010252623 035 $a(CKB)1000000000223964 035 $a(EXLCZ)991000000000223964 100 $a20061011a20069999 uy 101 0 $aeng 135 $aurcn||||||||| 181 $ctxt$2rdacontent 182 $cc$2rdamedia 183 $acr$2rdacarrier 200 00$aJournal of international commercial law and technology 210 $aHellerup, Denmark $cInternational Association of IT Lawyers 300 $aRefereed/Peer-reviewed 311 0 $a1901-8401 517 1 $aJICLT 606 $aCommercial law$vPeriodicals 606 $aInformation technology$xLaw and legislation$vPeriodicals 606 $a86.27 commercial law$2bcl 606 $aInternational Law$2ebps 606 $aTechnology (General)$2ebps 606 $aCommercial Law$2ebps$3(uri) http://id.worldcat.org/fast/fst00869502 606 $aCommercial law$2fast$3(OCoLC)fst00869502 606 $aInformation technology$xLaw and legislation$2fast$3(OCoLC)fst00973111 606 $aInternationaal handelsrecht$2gtt 606 $aInformatietechnologie$2gtt 606 $a86.27 commercial law$2nbc 608 $aPeriodicals.$2fast 615 0$aCommercial law 615 0$aInformation technology$xLaw and legislation 615 7$a86.27 commercial law. 615 7$aInternational Law. 615 7$aTechnology (General). 615 7$aCommercial Law. 615 7$aCommercial law. 615 7$aInformation technology$xLaw and legislation. 615 17$aInternationaal handelsrecht. 615 17$aInformatietechnologie. 615 7$a86.27 commercial law. 712 02$aInternational Association of IT Lawyers 801 0$bHNK 801 1$bHNK 801 2$bOCLCQ 801 2$bWAU 801 2$bOCLCQ 801 2$bOCLCO 801 2$bOCLCF 801 2$bNLGGC 801 2$bOCLCO 801 2$bOCLCQ 801 2$bLIP 801 2$bWT2 801 2$bOCLCQ 801 2$bAU@ 801 2$bVT2 801 2$bUUM 801 2$bOCLCQ 801 2$bSFB 801 2$bOCLCQ 801 2$bLDP 801 2$bOCLCQ 801 2$bOCLCL 801 2$bOCLCQ 906 $aJOURNAL 912 $a9910144452003321 996 $aJournal of international commercial law and technology$91976080 997 $aUNINA